Sports Quiz

Random Sports or WWE Quiz

Royal Rumble Runners-Up Quiz Stats

 Plays Quiz Updated Feb 1, 2021

Support Sporcle.
Go Orange.
Score 0/37 Timer 08:00
1 Play Today
Year Runner-Up % Correct
2021 (Men's)Randy Orton
94.9%
2020 (Men's)Roman Reigns
93.5%
2018 (Men's)Roman Reigns
91.8%
2005John Cena
91.8%
2010John Cena
91.6%
2008Triple H
91.3%
2009Triple H
91.3%
2017Roman Reigns
91%
1999Steve Austin
90.1%
2007Shawn Michaels
87%
2006Randy Orton
86.8%
2014Roman Reigns
86.4%
1998The Rock
85.9%
2019 (Women's)Charlotte Flair
85.6%
2003The Undertaker
83%
2000The Big Show
81.6%
2004The Big Show
81.6%
2016Dean Ambrose
80.6%
2001Kane
80.1%
Year Runner-Up % Correct
1997Bret Hart
75.7%
2012Chris Jericho
72.6%
1993Randy Savage
72%
2021 (Women's)Rhea Ripley
69.5%
2019 (Men's)Braun Strowman
66.8%
2002Kurt Angle
65.9%
2015Rusev
65.6%
2011Santino Marella
65.4%
2018 (Women's)Nikki Bella
65%
1995Davey Boy Smith
60.2%
1996Diesel
59.1%
2013Ryback
57.6%
1992Sid Justice
53.8%
2020 (Women's)Shayna Baszler
53.1%
1989Ted DiBiase
49.3%
1990Mr. Perfect
44%
1991Earthquake
37.1%
1988One Man Gang
37%

From the Vault

Fictional Sports Teams

by thunderdan

Sports 10m
We always wanted to play for Hickory High, but then we found out the terrible truth.
Remove Ads.
Support Sporcle.
Get the best of Sporcle when you Go Orange. This ad-free experience offers more features, more stats, and more fun while also helping to support Sporcle. Thank you for becoming a member.

Show Comments

Extras

Top Quizzes Today


Score Distribution

Your Account Isn't Verified!

In order to create a playlist on Sporcle, you need to verify the email address you used during registration. Go to your Sporcle Settings to finish the process.

Report this User

Report this user for behavior that violates our Community Guidelines.

Details: